Statistics for Guess Kpop MV by thumbnail(Boygroup ver.)

Click here to take the quiz!

General Stats

  • This quiz has been taken 39 times
  • The average score is 13 of 48

Answer Stats

Answer% Correct
Seven - JUNGKOOK(BTS)(ft. Latto)
77%
Super - Seventeen
77%
Thunderous - Stray Kids
73%
Sweer venom - ENHYPEN
64%
That that - Psy(ft. Suga)
64%
BANG BANG BANG - BIGBANG
59%
Dynamite - BTS
59%
In bloom - ZB1
55%
Love shot - EXO
55%
0X1=LOVESONG (I Know I Love You) - TXT
45%
Candy - BAEKHYUN(EXO)
45%
Daechwita - Agust D
45%
Fighting - BSS(ft. Lee Youngji)
41%
Hot sauce - NCT DREAM
41%
Love 119 - RIIZE
41%
90's love - NCT U
32%
Jikjin - TREASURE
32%
Killin' it - P1Harmony
32%
Plot twist - TWS
32%
Shine - Pentagon
32%
hard - SHINee
27%
Sticker - NCT 127
27%
But sometimes - BOYNEXTDOOR
23%
Love scenario - iKON
23%
Move - Taemin(SHINee)
23%
Slow dancing - V(BTS)
23%
Trouble - EVNNE
23%
Energetic - WANNA ONE
18%
The stealer - THE BOYZ
18%
Any song - Zico
14%
Everyday - WINNER
14%
Groovy - CRAVITY
14%
Burn it - Golden child
9%
Love or Die - TNX
9%
Same scent - ONEUS
9%
We don't stop - xikers
9%
Antidote - Kang Daniel
5%
Blooming Days - EXO-CBX
5%
Candy sugar pop - ASTRO
5%
Close - AB6IX
5%
Rose - D.O(EXO)
5%
Stay - Cha EUn Woo
5%
Vroom vroom - TEMPEST
5%
Young blood - DRIPPIN'
5%
You were beautiful - Day6
5%
Bye my monster - ONF
0%
On an On - AMPERS&ONE
0%
Rover - KAI(EXO)
0%

Score Distribution

Percentile by Number Answered

Percent of People with Each Score

Your Score History

You have not taken this quiz